Ordenanza general de urbanismo y construcciones: regimen de copropiedad inmobiliaria

Uloženo v:
Podrobná bibliografie
Hlavní autoři: Brieva Alvarado, Amador (Autor), Bastías Romo, Lionel (Autor)
Médium: Kniha
Jazyk:španělština
Vydáno: Santiago Jurídica de Chile 1999
Vydání:11a. ed
Edice:Colección Textos Legales, 42
Témata:
Tagy: Přidat tag
Žádné tagy, Buďte první, kdo vytvoří štítek k tomuto záznamu!

MARC

LEADER 00000nam a2200000 a 4500
001 UCP3464
003 CL-VaPUC
008 990625e19990000CL |||||||||||||||||spa|d
082 0 4 |a 346.83045  |b BRI  |2 21 
100 0 |a Brieva Alvarado, Amador  |e author  |9 430747 
700 0 |a Bastías Romo, Lionel  |e author  |9 430748 
245 1 0 |a Ordenanza general de urbanismo y construcciones: regimen de copropiedad inmobiliaria 
250 |a 11a. ed 
300 |a 518 p 
942 |c BK 
945 |d 19990625 00:00:00  |a vberengu 
260 |a Santiago  |b Jurídica de Chile  |c 1999 
650 0 |a Urbanismo  |9 255208 
650 0 |a Construcción  |9 260195 
650 0 |a Copropiedad inmobiliaria   |9 413824 
650 0 |a Viviendas sociales  |9 266841 
650 7 |a LEGISLACION  |2 CL-VaPUC  |9 430749 
651 7 |a CHILE  |2 CL-VaPUC  |9 430750 
583 |a last modification  |c 19990625 00:00:00  |k Rodrigo Vera 
490 0 |a Colección Textos Legales, 42 
999 |c 281780  |d 281778 
952 |0 0  |1 0  |4 0  |6 346_830450000000000_BRI_1999  |7 0  |8 A  |9 322766  |a BIBDER  |b BIBDER  |d 2019-11-20  |i 3530272  |o 346.83045 BRI 1999  |p 3530272  |r 2023-01-25  |w 2019-11-20  |y BK  |k DER